[Event "GBR-ch 95th"]
[Site "Liverpool"]
[Date "2008.08.07"]
[Round "10.29"]
[White "Jackson, Oliver"]
[Black "Woods, Connor"]
[Result "1-0"]
[WhiteElo "2221"]
[BlackElo "1934"]
[PlyCount "41"]
[EventDate "2008.07.28"]
[EventType "swiss"]
[EventRounds "11"]
[EventCountry "GBR"]

1. e4 c5 2. Nc3 a6 3. f4 b5 4. Nf3 Bb7 5. d3 e6 6. Qe2 Be7 7. g3 h5 8. h3 Nh6
9. Bg2 d5 10. O-O Nc6 11. Bd2 Qd6 12. Rae1 O-O-O 13. a4 b4 14. Nd1 a5 15. c3
Ba6 16. Ne5 c4 17. exd5 cxd3 18. Qf2 Nb8 19. Ne3 Rd7 20. N5c4 Bxc4 21. Nxc4 1-0

[Event "GBR-ch 95th"]
[Site "Liverpool"]
[Date "2008.08.07"]
[Round "10.32"]
[White "Gibson, Chris A"]
[Black "Garnett, John S"]
[Result "1/2-1/2"]
[WhiteElo "2003"]
[BlackElo "2030"]
[PlyCount "53"]
[EventDate "2008.07.28"]
[EventType "swiss"]
[EventRounds "11"]
[EventCountry "GBR"]

1. d4 Nf6 2. c4 e5 3. dxe5 Ng4 4. Bf4 Nc6 5. Nf3 Bb4+ 6. Nbd2 Qe7 7. e3 Ngxe5
8. Nxe5 Nxe5 9. Be2 O-O 10. O-O a5 11. a3 Bc5 12. b4 axb4 13. axb4 Rxa1 14.
Qxa1 Ng6 15. Bxc7 Bxb4 16. Ba5 Bxa5 17. Qxa5 d6 18. Rb1 Ne5 19. Qd5 Qf6 20. Rd1
Qg6 21. Nf3 Bg4 22. Nxe5 dxe5 23. Bxg4 Qxg4 24. h3 Qc8 25. c5 Re8 26. Qd7 h6
27. Qxc8 1/2-1/2

[Event "GBR-ch 95th"]
[Site "Liverpool"]
[Date "2008.08.07"]
[Round "10.33"]
[White "Sen, Subin"]
[Black "McCullough, Simon L"]
[Result "1-0"]
[WhiteElo "2050"]
[BlackElo "1910"]
[PlyCount "25"]
[EventDate "2008.07.28"]
[EventType "swiss"]
[EventRounds "11"]
[EventCountry "GBR"]

1. Nf3 Nf6 2. c4 e6 3. g3 d5 4. d4 dxc4 5. Bg2 c5 6. O-O Nbd7 7. Na3 Be7 8.
dxc5 Bxc5 9. Nxc4 O-O 10. Qc2 b5 11. Nce5 Bb7 12. Nxd7 Nxd7 13. Ng5 1-0

[Event "GBR-ch 95th"]
[Site "Liverpool"]
[Date "2008.08.07"]
[Round "10.34"]
[White "Davis, Lee"]
[Black "Shaw, Peter"]
[Result "0-1"]
[WhiteElo "2071"]
[BlackElo "2127"]
[PlyCount "160"]
[EventDate "2008.07.28"]
[EventType "swiss"]
[EventRounds "11"]
[EventCountry "GBR"]

1. d4 e6 2. g3 c5 3. Nf3 cxd4 4. Nxd4 Nc6 5. Nxc6 bxc6 6. c4 Nf6 7. Bg2 d5 8.
O-O Be7 9. Nd2 O-O 10. b3 Qb6 11. Bb2 Ba6 12. Qc2 Rac8 13. Bf3 Rfd8 14. e3 c5
15. Rad1 d4 16. Ne4 e5 17. Rfe1 Bb7 18. exd4 cxd4 19. Ng5 Bd6 20. Qf5 h6 21.
Bxb7 Qxb7 22. Nf3 Nd7 23. Nxe5 Nxe5 24. Rxe5 Bxe5 25. Qxe5 Qf3 26. Rxd4 f6 27.
Qe6+ Kh8 28. Qe4 Qxe4 29. Rxe4 Rd2 30. Bd4 Rxa2 31. Re7 a6 32. Ra7 Rc6 33. c5
Rd2 34. Be3 Rd8 35. Rb7 Kh7 36. b4 Kg6 37. g4 Rg8 38. Kg2 f5 39. h3 Rf8 40. Bd4
Rg8 41. gxf5+ Kxf5 42. b5 axb5 43. Rxb5 Ke4 44. Be3 Rg6+ 45. Kh2 Kf3 46. Rb3
Re8 47. Bd4+ Ke2 48. Rb2+ Kd3 49. Be3 Ra8 50. Rb6 Ra6 51. Rb4 Ra1 52. Rg4 Rxg4
53. hxg4 Ke4 54. g5 h5 55. Kg3 g6 56. Kg2 Ra2 57. Kg3 Rc2 58. Kg2 Rc3 59. Kg3
Rc4 60. Kg2 Rc3 61. Kg3 Rc4 62. Kg2 Kd3 63. Kf3 Rc2 64. Kg3 Ke2 65. Kg2 Rc4 66.
Kg3 Rg4+ 67. Kh3 Kf3 68. Kh2 Rc4 69. Kh3 Rc3 70. Kh2 Rd3 71. Kg1 Rd7 72. Kh1
Rb7 73. Kg1 Rb1+ 74. Kh2 Rd1 75. c6 Rd6 76. c7 Rc6 77. Bb6 Rc1 78. Bd4 Rxc7 79.
Bb6 Rc1 80. Ba7 Rf1 0-1

[Event "GBR-ch 95th"]
[Site "Liverpool"]
[Date "2008.08.08"]
[Round "11.1"]
[White "Williams, Simon K"]
[Black "Conquest, Stuart"]
[Result "1/2-1/2"]
[WhiteElo "2496"]
[BlackElo "2536"]
[PlyCount "45"]
[EventDate "2008.07.28"]
[EventType "swiss"]
[EventRounds "11"]
[EventCountry "GBR"]

1. d4 Nf6 2. c4 e6 3. Nf3 Bb4+ 4. Nbd2 b6 5. e3 O-O 6. Bd3 d5 7. O-O Ba6 8. Qc2
c5 9. dxc5 Bxc5 10. a3 Nbd7 11. b4 Be7 12. Bb2 Rc8 13. Qb3 Qc7 14. Rac1 Qb8 15.
cxd5 Bxd3 16. Qxd3 Nxd5 17. e4 N5f6 18. Qa6 Qa8 19. Nd4 Rxc1 20. Rxc1 Nxe4 21.
Nxe4 Qxe4 22. Qxa7 Bg5 23. Rd1 1/2-1/2

[Event "GBR-ch 95th"]
[Site "Liverpool"]
[Date "2008.08.08"]
[Round "11.7"]
[White "Pert, Nicholas"]
[Black "Rudd, Jack"]
[Result "1-0"]
[WhiteElo "2547"]
[BlackElo "2345"]
[PlyCount "65"]
[EventDate "2008.07.28"]
[EventType "swiss"]
[EventRounds "11"]
[EventCountry "GBR"]

1. d4 Nf6 2. Nf3 e6 3. c4 c5 4. d5 b5 5. Bg5 exd5 6. cxd5 h6 7. Bxf6 Qxf6 8.
Qc2 a6 9. a4 b4 10. Nbd2 d6 11. e4 Nd7 12. Bd3 g5 13. O-O g4 14. e5 dxe5 15.
Ne4 Qd8 16. Nfd2 f5 17. Ng3 e4 18. Rae1 Kf7 19. Bc4 Nf6 20. f3 gxf3 21. Ndxe4
fxe4 22. Rxe4 Bd6 23. Rxf3 Bxg3 24. d6+ Kf8 25. hxg3 Bb7 26. Rxf6+ Qxf6 27. Rf4
Qxf4 28. gxf4 Kg7 29. Qf5 Rh7 30. Qe5+ Kf8 31. Qf6+ Ke8 32. Qg6+ Kf8 33. Qg8#
1-0

[Event "GBR-ch 95th"]
[Site "Liverpool"]
[Date "2008.08.08"]
[Round "11.8"]
[White "Haslinger, Stewart"]
[Black "Trent, Lawrence"]
[Result "0-1"]
[WhiteElo "2511"]
[BlackElo "2470"]
[PlyCount "70"]
[EventDate "2008.07.28"]
[EventType "swiss"]
[EventRounds "11"]
[EventCountry "GBR"]

1. e4 e5 2. Nf3 Nc6 3. Bc4 Nf6 4. d3 Be7 5. O-O O-O 6. Re1 d6 7. a4 h6 8. a5 a6
9. h3 Re8 10. c3 Be6 11. Nbd2 Bxc4 12. Nxc4 Bf8 13. Qb3 Qd7 14. Ne3 Nd8 15. Bd2
Ne6 16. Qc2 Nf4 17. Rad1 N6h5 18. c4 c6 19. Bc3 Re6 20. Kh2 Rf6 21. Ng1 Re8 22.
g4 Rg6 23. Nf5 Nf6 24. Bd2 h5 25. Bxf4 exf4 26. f3 Qc7 27. Ne2 hxg4 28. hxg4 d5
29. cxd5 Rg5 30. Rg1 g6 31. Qc3 Nxd5 32. Qd2 Ne3 33. Rc1 gxf5 34. gxf5 f6 35.
Nd4 Qh7# 0-1

[Event "GBR-ch 95th"]
[Site "Liverpool"]
[Date "2008.08.08"]
[Round "11.9"]
[White "Buckley, Graeme"]
[Black "Flear, Glenn C"]
[Result "1-0"]
[WhiteElo "2401"]
[BlackElo "2493"]
[PlyCount "99"]
[EventDate "2008.07.28"]
[EventType "swiss"]
[EventRounds "11"]
[EventCountry "GBR"]

1. d4 d5 2. c4 c6 3. Nf3 Nf6 4. Nc3 dxc4 5. a4 Na6 6. e4 Bg4 7. Bxc4 Bxf3 8.
Qxf3 Nb4 9. Bb3 Qxd4 10. O-O e6 11. Rd1 Qe5 12. Bf4 Qa5 13. e5 Nfd5 14. Ne4
O-O-O 15. Bg3 Rd7 16. Rdc1 Kb8 17. Nd2 Nb6 18. Nc4 Nxc4 19. Bxc4 Bc5 20. Bf1
Rhd8 21. Rc4 Nd3 22. Rc3 Nxb2 23. Rb3 Bd4 24. Qxc6 Qd5 25. Qxd5 Rxd5 26. Rb1
Rc5 27. Bh4 Rd7 28. R3xb2 Bxb2 29. Rxb2 Rd1 30. f4 Rc4 31. g3 Rxa4 32. Kf2 Rda1
33. Be2 R1a2 34. Rb1 Rc2 35. Be7 Raa2 36. Re1 a5 37. Ke3 a4 38. Bd3 Rxh2 39.
Rc1 Rag2 40. Kf3 Rf2+ 41. Ke4 Rb2 42. Bd6+ Ka7 43. Rc7 Kb6 44. Rc8 Ka7 45. Bc5+
b6 46. Rc7+ Ka8 47. Bd6 b5 48. Rxf7 g6 49. Kd4 Rhd2 50. Kc5 1-0

[Event "GBR-ch 95th"]
[Site "Liverpool"]
[Date "2008.08.08"]
[Round "11.10"]
[White "Greet, Andrew"]
[Black "Rendle, Thomas"]
[Result "0-1"]
[WhiteElo "2453"]
[BlackElo "2363"]
[PlyCount "56"]
[EventDate "2008.07.28"]
[EventType "swiss"]
[EventRounds "11"]
[EventCountry "GBR"]

1. e4 e6 2. d4 d5 3. Nc3 Nc6 4. Be3 Bb4 5. e5 f6 6. f4 Qe7 7. Nf3 Bd7 8. Bd3
Nh6 9. O-O Bxc3 10. bxc3 f5 11. Bf2 Na5 12. a4 Bc6 13. h3 Qd7 14. Qb1 Nc4 15.
Qb3 Nf7 16. Bxc4 dxc4 17. Qxc4 g5 18. Be3 gxf4 19. Bxf4 O-O-O 20. Rf2 Rhg8 21.
Kh2 Rg7 22. a5 a6 23. Qc5 h6 24. h4 Rg4 25. g3 Ng5 26. Nd2 Qf7 27. Kg1 Nh3+ 28.
Kf1 Qg6 0-1

[Event "GBR-ch 95th"]
[Site "Liverpool"]
[Date "2008.08.08"]
[Round "11.12"]
[White "Ledger, David"]
[Black "Houska, Jovanka"]
[Result "0-1"]
[WhiteElo "2260"]
[BlackElo "2405"]
[PlyCount "90"]
[EventDate "2008.07.28"]
[EventType "swiss"]
[EventRounds "11"]
[EventCountry "GBR"]

1. e4 c6 2. d4 d5 3. Nc3 dxe4 4. Nxe4 Bf5 5. Ng3 Bg6 6. h4 h6 7. Nf3 Nd7 8. h5
Bh7 9. Bd3 Bxd3 10. Qxd3 e6 11. Bd2 Ngf6 12. O-O-O Be7 13. Ne4 O-O 14. Rhg1
Nxe4 15. Qxe4 Nf6 16. Qe2 Qd5 17. Kb1 Qe4 18. Be3 Ng4 19. Rd3 Rad8 20. Nd2 Qf5
21. f3 Nxe3 22. Qxe3 Bg5 23. Qe4 Bxd2 24. Qxf5 exf5 25. Rxd2 Rfe8 26. Kc1 b5
27. g3 Re3 28. Rf1 b4 29. d5 Rxd5 30. Rxd5 cxd5 31. Kd2 d4 32. Re1 Rxf3 33.
Re8+ Kh7 34. Re7 a5 35. Ra7 Rxg3 36. Rxa5 g6 37. Rb5 f4 38. Rxb4 g5 39. Rxd4
Rg2+ 40. Kd3 Rf2 41. Re4 g4 42. Re2 Rf1 43. Rg2 f5 44. a4 f3 45. Rg3 Re1 0-1

[Event "GBR-ch 95th"]
[Site "Liverpool"]
[Date "2008.08.08"]
[Round "11.13"]
[White "Kett, Timothy"]
[Black "Eggleston, David"]
[Result "1-0"]
[WhiteElo "2247"]
[BlackElo "2372"]
[PlyCount "83"]
[EventDate "2008.07.28"]
[EventType "swiss"]
[EventRounds "11"]
[EventCountry "GBR"]

1. e4 c5 2. Nf3 d6 3. d4 cxd4 4. Nxd4 Nf6 5. Nc3 a6 6. Bg5 e6 7. f4 Qc7 8. Bxf6
gxf6 9. Be2 Nc6 10. Nxc6 bxc6 11. O-O Bg7 12. f5 O-O 13. Bd3 d5 14. Qh5 h6 15.
Kh1 Rb8 16. Rae1 Rxb2 17. e5 exf5 18. exf6 Bxf6 19. Rxf5 Bxc3 20. Rg5+ Bg7 21.
Qxh6 f5 22. g4 Rb7 23. gxf5 Bxf5 24. Bxf5 Rxf5 25. Re8+ Rf8 26. Qe6+ Qf7 27.
Rxf8+ Kxf8 28. Rf5 Qxf5 29. Qxf5+ Ke7 30. Qc8 Rb1+ 31. Kg2 Rb2 32. Qc7+ Kf8 33.
Qxc6 Kg8 34. Qxd5+ Kh7 35. Qe4+ Kh8 36. a4 Rb6 37. c4 Rb4 38. Qa8+ Kh7 39. Qxa6
Rb3 40. Qe6 Rb4 41. Qe4+ Kg8 42. a5 1-0

[Event "GBR-ch 95th"]
[Site "Liverpool"]
[Date "2008.08.08"]
[Round "11.14"]
[White "Knott, Simon JB"]
[Black "Tiruchirapalli, Venkataramanan"]
[Result "0-1"]
[WhiteElo "2365"]
[BlackElo "2247"]
[PlyCount "62"]
[EventDate "2008.07.28"]
[EventType "swiss"]
[EventRounds "11"]
[EventCountry "GBR"]

1. c4 e6 2. Nc3 d5 3. d4 Nf6 4. Bg5 Be7 5. e3 O-O 6. Rc1 b6 7. cxd5 exd5 8. Bd3
Bb7 9. Nge2 c5 10. O-O Nbd7 11. Bf5 Re8 12. Nf4 h6 13. Bxd7 Qxd7 14. Bxf6 Bxf6
15. dxc5 d4 16. exd4 Bg5 17. g3 Bxf4 18. gxf4 bxc5 19. d5 Ba6 20. Re1 Rxe1+ 21.
Qxe1 Re8 22. Qd1 Qh3 23. f3 Re3 24. d6 Rxf3 25. Ne4 Bb7 26. d7 Qg4+ 27. Ng3
Rxg3+ 28. hxg3 Qxg3+ 29. Kf1 Ba6+ 30. Qe2 Bxe2+ 31. Kxe2 Qg4+ 0-1

[Event "GBR-ch 95th"]
[Site "Liverpool"]
[Date "2008.08.08"]
[Round "11.15"]
[White "Russell, Christopher"]
[Black "Storey, Charles"]
[Result "0-1"]
[WhiteElo "2036"]
[BlackElo "2268"]
[PlyCount "94"]
[EventDate "2008.07.28"]
[EventType "swiss"]
[EventRounds "11"]
[EventCountry "GBR"]

1. e4 g6 2. d4 c6 3. f4 d5 4. exd5 cxd5 5. Nf3 Bg7 6. Ne5 Nf6 7. Bd3 Nc6 8. c3
O-O 9. Nd2 Ne8 10. O-O Nd6 11. Qe1 Bf5 12. Bxf5 gxf5 13. Rf3 e6 14. b3 Ne4 15.
Ba3 Re8 16. Nxe4 fxe4 17. Rg3 Ne7 18. Bxe7 Qxe7 19. Qe2 f6 20. Ng4 Kh8 21. Rf1
f5 22. Ne5 Bxe5 23. fxe5 Rg8 24. Rxg8+ Rxg8 25. Qe3 b5 26. b4 a6 27. Rf2 Qh4
28. Rf4 Qg5 29. g3 Rg6 30. Kf2 Rh6 31. h4 Qh5 32. Qd2 Rg6 33. Qc1 Rg8 34. Qd2
h6 35. Qc1 Kh7 36. Qd2 Rg7 37. Qc1 Rg4 38. Qd2 Rxf4+ 39. Qxf4 Qd1 40. g4 Qc2+
41. Kf1 e3 42. Qxe3 Qd1+ 43. Kf2 Qxg4 44. Qg3 Kg6 45. Qxg4+ fxg4 46. a3 Kf5 47.
Kg3 h5 0-1

[Event "GBR-ch 95th"]
[Site "Liverpool"]
[Date "2008.08.08"]
[Round "11.16"]
[White "Surtees, Michael"]
[Black "Zhou, Yang-Fan"]
[Result "1/2-1/2"]
[WhiteElo "2182"]
[BlackElo "2259"]
[PlyCount "120"]
[EventDate "2008.07.28"]
[EventType "swiss"]
[EventRounds "11"]
[EventCountry "GBR"]

1. e4 c5 2. c3 d5 3. f3 Nc6 4. Bb5 Qb6 5. Ba4 Nf6 6. d3 Bd7 7. Qc2 O-O-O 8.
Bxc6 Bxc6 9. c4 e6 10. b3 Bd6 11. Bb2 Qc7 12. cxd5 exd5 13. Nd2 dxe4 14. dxe4
Bxh2 15. Ne2 Bg3+ 16. Kf1 Bb5 17. Nc4 Bxc4 18. Qxc4 Be5 19. Bxe5 Qxe5 20. Rc1
Kb8 21. Kf2 b6 22. a4 Rd2 23. Rhd1 Rxd1 24. Rxd1 Qe6 25. Qb5 Kb7 26. a5 a6 27.
Qxb6+ Qxb6 28. axb6 Kxb6 29. Rd6+ Kc7 30. e5 Re8 31. Rxa6 Kb7 32. Ra1 Rxe5 33.
Nf4 Re8 34. Nd3 Kb6 35. Rc1 Rc8 36. b4 c4 37. Ne5 Kb5 38. Nxf7 Kxb4 39. Nd6 Rc6
40. Nf5 g6 41. Nd4 Rd6 42. Rb1+ Kc5 43. Ne2 Nd5 44. Ng3 Nc3 45. Rb7 h5 46. Nf1
Nb5 47. Rb8 Ra6 48. Nd2 Kb4 49. Ne4 Rc6 50. Ke3 c3 51. Nxc3 Rxc3+ 52. Kf4 Rc5
53. Rg8 Rf5+ 54. Ke3 Rg5 55. g4 hxg4 56. f4 Rh5 57. Rxg6 Rh4 58. f5 Nc3 59. f6
Nd5+ 60. Ke4 Nxf6+ 1/2-1/2

[Event "GBR-ch 95th"]
[Site "Liverpool"]
[Date "2008.08.08"]
[Round "11.17"]
[White "Lalic, Susan"]
[Black "Dilleigh, Steve"]
[Result "1/2-1/2"]
[WhiteElo "2344"]
[BlackElo "2131"]
[PlyCount "74"]
[EventDate "2008.07.28"]
[EventType "swiss"]
[EventRounds "11"]
[EventCountry "GBR"]

1. e4 e6 2. d4 d5 3. Nc3 Nf6 4. Bg5 dxe4 5. Nxe4 Be7 6. Bxf6 Bxf6 7. Nf3 O-O 8.
Qd2 Nd7 9. O-O-O Be7 10. Bd3 b6 11. Neg5 Nf6 12. Qe2 Bb7 13. Rhe1 Qd6 14. Kb1
h6 15. Ne4 Nxe4 16. Bxe4 Bxe4 17. Qxe4 Bf6 18. Ne5 Bxe5 19. dxe5 Qe7 20. Rd4
Rad8 21. Red1 Rxd4 22. Qxd4 a5 23. f4 f6 24. a3 fxe5 25. Qxe5 Rf5 26. Qe4 h5
27. g3 g6 28. h3 Qf7 29. c4 h4 30. Qc6 Rc5 31. Qa8+ Kg7 32. g4 Qxf4 33. Qd8 Qf8
34. Rd7+ Kg8 35. Qxh4 Qf1+ 36. Ka2 Qxc4+ 37. Ka1 Qc1+ 1/2-1/2

[Event "GBR-ch 95th"]
[Site "Liverpool"]
[Date "2008.08.08"]
[Round "11.18"]
[White "Williamson, Roger G"]
[Black "Hanley, James L"]
[Result "0-1"]
[WhiteElo "2169"]
[BlackElo "2243"]
[PlyCount "72"]
[EventDate "2008.07.28"]
[EventType "swiss"]
[EventRounds "11"]
[EventCountry "GBR"]

1. e4 c5 2. Nf3 d6 3. d4 cxd4 4. Nxd4 Nf6 5. Nc3 g6 6. Bg5 Bg7 7. Bb5+ Bd7 8.
Qe2 a6 9. Bxd7+ Nbxd7 10. O-O-O Qa5 11. f4 h6 12. Bxf6 Nxf6 13. Rhe1 O-O 14. g4
e6 15. Nb3 Qc7 16. Qf3 Rac8 17. Rd2 Nd7 18. e5 dxe5 19. f5 e4 20. Nxe4 Ne5 21.
Qg2 Nc4 22. f6 Nxd2 23. Qxd2 Rfd8 24. Qf2 Bf8 25. Kb1 a5 26. Nc1 Qc4 27. c3 a4
28. Qe3 b5 29. a3 Rd5 30. Qf4 Rcd8 31. Kc2 Rd2+ 32. Qxd2 Rxd2+ 33. Nxd2 Qxg4
34. Nd3 h5 35. Re5 Bh6 36. Ne4 Qe2+ 0-1

[Event "GBR-ch 95th"]
[Site "Liverpool"]
[Date "2008.08.08"]
[Round "11.19"]
[White "Lyell, Mark"]
[Black "Ynojosa, Felix Jose"]
[Result "1-0"]
[WhiteElo "2232"]
[BlackElo "2101"]
[PlyCount "69"]
[EventDate "2008.07.28"]
[EventType "swiss"]
[EventRounds "11"]
[EventCountry "GBR"]

1. b3 d5 2. Bb2 c5 3. e3 e6 4. f4 Nf6 5. Nf3 Bd6 6. Be2 Nbd7 7. O-O h6 8. Ne5
Qc7 9. d4 cxd4 10. exd4 a6 11. Nd2 g5 12. Bh5 Rh7 13. Bxf7+ Rxf7 14. Nxf7 Kxf7
15. fxg5 hxg5 16. Qh5+ Ke7 17. Qxg5 Bxh2+ 18. Kh1 Qg3 19. Qh6 Ng4 20. Qh8 Ndf6
21. Ba3+ Kd7 22. Rxf6 Nxf6 23. Qxf6 Kc6 24. Nf3 Qf4 25. Qe7 Qh6 26. Nxh2 b6 27.
Rf1 a5 28. c4 Qh5 29. c5 bxc5 30. Qxc5+ Kb7 31. Rc1 Qh7 32. Qc6+ Ka7 33. Bc5+
Kb8 34. Qb6+ Bb7 35. Bd6+ 1-0

[Event "GBR-ch 95th"]
[Site "Liverpool"]
[Date "2008.08.08"]
[Round "11.20"]
[White "Briscoe, Christopher"]
[Black "Grigoryan-Lyell, Meri"]
[Result "1-0"]
[WhiteElo "2232"]
[BlackElo "2053"]
[PlyCount "83"]
[EventDate "2008.07.28"]
[EventType "swiss"]
[EventRounds "11"]
[EventCountry "GBR"]

1. e4 c6 2. d4 d5 3. e5 Bf5 4. Nd2 Qb6 5. Nb3 e6 6. Nf3 Na6 7. Nh4 Be4 8. f3
Be7 9. fxe4 Bxh4+ 10. g3 Be7 11. exd5 cxd5 12. a4 Nb4 13. a5 Qc6 14. c3 Na6 15.
Bd3 h5 16. O-O f6 17. exf6 Nxf6 18. Qe2 Nc7 19. Bf4 O-O-O 20. Bxc7 Kxc7 21. Bb5
Qd6 22. Nc5 e5 23. a6 Qb6 24. axb7 Bxc5 25. Ra6 Bxd4+ 26. Kh1 Qxb7 27. cxd4 e4
28. Rfa1 Ra8 29. Bc6 Qxc6 30. Rxc6+ Kxc6 31. Qa6+ Kd7 32. Qb7+ Ke6 33. Ra6+ Kf5
34. Qxg7 Rhf8 35. h4 e3 36. Qg5+ Ke4 37. Qf4+ Kd3 38. Ra3+ Kc2 39. Qxe3 Ne4 40.
Qd3+ Kc1 41. Ra1+ Kxb2 42. Rb1+ 1-0

[Event "GBR-ch 95th"]
[Site "Liverpool"]
[Date "2008.08.08"]
[Round "11.21"]
[White "Coathup, Roger"]
[Black "Horner, Jeff"]
[Result "1/2-1/2"]
[WhiteElo "2105"]
[BlackElo "2372"]
[PlyCount "78"]
[EventDate "2008.07.28"]
[EventType "swiss"]
[EventRounds "11"]
[EventCountry "GBR"]

1. d4 Nf6 2. c4 g6 3. Nc3 Bg7 4. e4 O-O 5. Be2 c6 6. Nf3 d6 7. O-O Bg4 8. Be3
Nbd7 9. Nd2 Bxe2 10. Qxe2 e5 11. d5 c5 12. Rab1 Ne8 13. a3 f5 14. f3 Qh4 15. b4
Bh6 16. Nb3 Bxe3+ 17. Qxe3 b6 18. Ra1 Nef6 19. b5 Rf7 20. a4 Raf8 21. Nd2 Nh5
22. Ne2 Ndf6 23. g3 Qh3 24. Kh1 Nxg3+ 25. Nxg3 f4 26. Qf2 fxg3 27. Qxg3 Qh6 28.
Qe1 Nh5 29. Rg1 Nf4 30. Qe3 Qh5 31. Rg4 Nh3 32. Rg3 Rf4 33. Kg2 Rh4 34. Nf1 h6
35. a5 Ng5 36. axb6 axb6 37. Ra7 Rhf4 38. Nd2 Rh4 39. Nf1 Rhf4 1/2-1/2

[Event "GBR-ch 95th"]
[Site "Liverpool"]
[Date "2008.08.08"]
[Round "11.22"]
[White "Quillan, Gary"]
[Black "Gavriel, Tryfon"]
[Result "1-0"]
[WhiteElo "2339"]
[BlackElo "2180"]
[PlyCount "59"]
[EventDate "2008.07.28"]
[EventType "swiss"]
[EventRounds "11"]
[EventCountry "GBR"]

1. e4 e6 2. d4 d5 3. Nd2 Nc6 4. Ngf3 Nf6 5. e5 Nd7 6. Nb3 a5 7. a4 b6 8. Bb5
Ncb8 9. O-O c6 10. Bd3 Ba6 11. Ng5 Bxd3 12. Qxd3 Be7 13. Qg3 Nf8 14. Nh3 Rg8
15. Bd2 c5 16. dxc5 bxc5 17. Rac1 Qb6 18. c4 d4 19. Bg5 f6 20. Bxf6 gxf6 21.
Qxg8 Qxb3 22. exf6 Bxf6 23. Nf4 Nbd7 24. Nxe6 Ke7 25. Rfe1 Kd6 26. Nxc5 Qb8 27.
Nxd7 Kxd7 28. Qf7+ Kc6 29. Qxf6+ Qd6 30. Qf3+ 1-0

[Event "GBR-ch 95th"]
[Site "Liverpool"]
[Date "2008.08.08"]
[Round "11.23"]
[White "Gregory, Stephen J"]
[Black "Mason, Donald"]
[Result "0-1"]
[WhiteElo "2177"]
[BlackElo "2268"]
[PlyCount "100"]
[EventDate "2008.07.28"]
[EventType "swiss"]
[EventRounds "11"]
[EventCountry "GBR"]

1. e4 e6 2. d4 d5 3. e5 c5 4. c3 Qb6 5. Nf3 Nc6 6. a3 c4 7. Nbd2 Na5 8. g3 Be7
9. h4 h5 10. Be2 Bd7 11. Nh2 g6 12. a4 O-O-O 13. Nhf1 Nh6 14. Ne3 Nf5 15. Bf3
Bc6 16. Nxf5 exf5 17. Bg2 Rhe8 18. O-O Kb8 19. Re1 Bf8 20. Ra2 Re6 21. Nf3 Qb3
22. Qxb3 cxb3 23. Ra1 Nc4 24. Ng5 Rd7 25. Bf3 Re8 26. Re2 a5 27. Bf4 Ka7 28.
Nh7 Bg7 29. Bg5 Re6 30. Bc1 Nb6 31. Ng5 Re8 32. Kf1 Bxa4 33. e6 fxe6 34. Nxe6
Rxe6 35. Rxe6 Bb5+ 36. Be2 Bxe2+ 37. Kxe2 Nc4 38. Kf3 b5 39. Rb1 a4 40. Bg5 Bf8
41. Ke2 Nxb2 42. Bc1 Nc4 43. Rxg6 Ba3 44. Bf4 Bb2 45. Bd6 Rxd6 46. Rxd6 Nxd6
47. Rxb2 Nc4 48. Rb1 a3 49. Kd1 a2 50. Ra1 Kb6 0-1

[Event "GBR-ch 95th"]
[Site "Liverpool"]
[Date "2008.08.08"]
[Round "11.25"]
[White "Berry, Stephen"]
[Black "Sen, Subin"]
[Result "0-1"]
[WhiteElo "2363"]
[BlackElo "2050"]
[PlyCount "74"]
[EventDate "2008.07.28"]
[EventType "swiss"]
[EventRounds "11"]
[EventCountry "GBR"]

1. e4 c5 2. Nf3 d6 3. Bc4 Nf6 4. d3 Nc6 5. c3 g6 6. Bb3 Bg7 7. O-O O-O 8. h3
Ne8 9. d4 Nc7 10. dxc5 dxc5 11. Be3 b6 12. Qc1 Ba6 13. Rd1 Qc8 14. Bh6 Be2 15.
Re1 Bxf3 16. gxf3 Qxh3 17. Bxg7 Kxg7 18. Qe3 Ne5 19. Nd2 Rad8 20. f4 Qg4+ 21.
Qg3 Qxg3+ 22. fxg3 Rxd2 23. fxe5 Rfd8 24. Rad1 Ne6 25. Bd5 Rxd1 26. Rxd1 Ng5
27. Kg2 e6 28. Bb3 Rxd1 29. Bxd1 Nxe4 30. Be2 f5 31. exf6+ Kxf6 32. Kf3 Nd6 33.
b4 e5 34. g4 Kg5 35. a4 h5 36. gxh5 gxh5 37. Bf1 e4+ 0-1

[Event "GBR-ch 95th"]
[Site "Liverpool"]
[Date "2008.08.08"]
[Round "11.26"]
[White "Auckland, Elliott"]
[Black "James, Russell A"]
[Result "0-1"]
[WhiteElo "1990"]
[BlackElo "2225"]
[PlyCount "82"]
[EventDate "2008.07.28"]
[EventType "swiss"]
[EventRounds "11"]
[EventCountry "GBR"]

1. d4 d5 2. c4 e6 3. Nf3 Nf6 4. Nc3 Bb4 5. Bf4 dxc4 6. Qc2 c5 7. dxc5 Qa5 8.
Nd2 Qxc5 9. e4 Nc6 10. Be3 Qe7 11. f3 O-O 12. Bxc4 Bc5 13. Nf1 Rd8 14. Qf2 b6
15. Bxc5 bxc5 16. Ne3 Ne5 17. O-O Nxc4 18. Nxc4 Ba6 19. b3 Rd4 20. Qe2 Nd7 21.
Nd1 Ne5 22. Nde3 Rad8 23. Rfc1 Qg5 24. Qf1 Nd3 25. Rc3 Nf4 26. Rc2 h5 27. Kh1
h4 28. Qf2 Nd3 29. Qg1 Nf4 30. a4 Nh5 31. Nf1 Rd1 32. Rxd1 Rxd1 33. Rd2 Rc1 34.
g3 Bxc4 35. bxc4 Rxf1 36. Qxf1 Qxd2 37. gxh4 Nf4 38. Kg1 a5 39. h5 Qe3+ 40. Kh1
Qe2 41. Qg1 Qxf3+ 0-1

[Event "GBR-ch 95th"]
[Site "Liverpool"]
[Date "2008.08.08"]
[Round "11.29"]
[White "Barrett, Steve"]
[Black "Goodger, Martyn"]
[Result "1-0"]
[WhiteElo "2251"]
[BlackElo "2187"]
[PlyCount "77"]
[EventDate "2008.07.28"]
[EventType "swiss"]
[EventRounds "11"]
[EventCountry "GBR"]

1. d4 f5 2. g3 Nf6 3. Bg2 e6 4. Nf3 d5 5. O-O Bd6 6. b3 Qe7 7. c4 c6 8. a4 a5
9. Ba3 Bxa3 10. Nxa3 O-O 11. Nc2 b6 12. Nce1 Na6 13. Nd3 Bb7 14. Nfe5 c5 15.
Nf4 Rfd8 16. e3 g5 17. Ne2 Rac8 18. Qb1 dxc4 19. Bxb7 Qxb7 20. Nxc4 Qf3 21. Qb2
Nd5 22. Rad1 Rf8 23. dxc5 bxc5 24. Rd2 Nac7 25. Nc3 f4 26. Nxd5 exd5 27. Ne5
Qe4 28. exf4 gxf4 29. Nd7 d4 30. Nxf8 Rxf8 31. Qc2 Qd5 32. Re1 fxg3 33. hxg3
Ne6 34. Qe4 Qxe4 35. Rxe4 Rf6 36. f4 Kf7 37. Re5 Rg6 38. f5 Rxg3+ 39. Kh2 1-0

[Event "GBR-ch 95th"]
[Site "Liverpool"]
[Date "2008.08.08"]
[Round "11.30"]
[White "Garnett, John S"]
[Black "Waters, Clive L"]
[Result "0-1"]
[WhiteElo "2030"]
[BlackElo "2096"]
[PlyCount "58"]
[EventDate "2008.07.28"]
[EventType "swiss"]
[EventRounds "11"]
[EventCountry "GBR"]

1. d4 Nc6 2. d5 Ne5 3. e4 d6 4. Nf3 Nxf3+ 5. Qxf3 g6 6. Bb5+ Bd7 7. Qb3 Rb8 8.
Be3 b6 9. Nc3 Nf6 10. f3 Bg7 11. Bxd7+ Qxd7 12. Nb5 a5 13. Qc4 O-O 14. c3 e6
15. dxe6 fxe6 16. O-O-O d5 17. Qd3 c6 18. Nd4 b5 19. exd5 cxd5 20. Rhe1 b4 21.
Bd2 Rb6 22. Re2 e5 23. Rxe5 Ne4 24. Rxe4 dxe4 25. Qxe4 Re8 26. Qh4 Qa4 27. Bh6
bxc3 28. Bxg7 cxb2+ 29. Kd2 Qxd1+ 0-1

[Event "GBR-ch 95th"]
[Site "Liverpool"]
[Date "2008.08.08"]
[Round "11.31"]
[White "Shaw, Peter"]
[Black "Gibson, Chris A"]
[Result "1-0"]
[WhiteElo "2127"]
[BlackElo "2003"]
[PlyCount "55"]
[EventDate "2008.07.28"]
[EventType "swiss"]
[EventRounds "11"]
[EventCountry "GBR"]

1. d4 Nf6 2. c4 e6 3. Nc3 Bb4 4. Qc2 O-O 5. a3 Bxc3+ 6. Qxc3 b6 7. Bg5 Ba6 8.
e3 d6 9. Nf3 Nbd7 10. Be2 Rc8 11. Qc2 c5 12. Qa4 Bb7 13. O-O cxd4 14. Nxd4 Nc5
15. Qd1 a6 16. Rc1 d5 17. b4 Nce4 18. Bh4 dxc4 19. Bxc4 Rxc4 20. Rxc4 Qd5 21.
Rc7 g5 22. f3 gxh4 23. fxe4 Qxe4 24. Qf3 Qxf3 25. gxf3 Ba8 26. e4 Kh8 27. Rfc1
Rg8+ 28. Kf1 1-0